<?xml version="1.0" encoding="UTF-8"?>
<collection xmlns="http://www.loc.gov/MARC21/slim">
 <record>
  <leader>07482nas a22006851  4500</leader>
  <controlfield tag="001">1/50306</controlfield>
  <controlfield tag="008">020625c19809999gr qrzp           g0gre d</controlfield>
  <datafield tag="035" ind1=" " ind2=" ">
   <subfield code="l">23877</subfield>
  </datafield>
  <datafield tag="040" ind1=" " ind2=" ">
   <subfield code="a">GR-PeUP</subfield>
  </datafield>
  <datafield tag="090" ind1=" " ind2=" ">
   <subfield code="a">Αλφαβητική σειρά</subfield>
  </datafield>
  <datafield tag="245" ind1="0" ind2="0">
   <subfield code="a">Επιθεώρηση μεταφορικού δικαίου</subfield>
  </datafield>
  <datafield tag="260" ind1=" " ind2=" ">
   <subfield code="a">Αθήνα :</subfield>
   <subfield code="b">Κατσαρός Βασίλειος,</subfield>
   <subfield code="c">[1980]-</subfield>
  </datafield>
  <datafield tag="300" ind1=" " ind2=" ">
   <subfield code="a">τ. ;</subfield>
   <subfield code="c">24 εκ.</subfield>
  </datafield>
  <datafield tag="310" ind1=" " ind2=" ">
   <subfield code="a">Τριμηνιαίο</subfield>
  </datafield>
  <datafield tag="362" ind1="0" ind2=" ">
   <subfield code="a">Τομ. 21, τχ. 1 (Ιαν./Μάρτ. 2001) - τ. 23, τχ .4 (Οκτ./Δεκ. 2003)</subfield>
  </datafield>
  <datafield tag="362" ind1="0" ind2=" ">
   <subfield code="a">Τομ. 24, τχ. 1 (Ιαν./Μάρτ. 2004)-</subfield>
  </datafield>
  <datafield tag="546" ind1=" " ind2=" ">
   <subfield code="a">Ελληνική</subfield>
  </datafield>
  <datafield tag="650" ind1=" " ind2="4">
   <subfield code="a">Μεταφορικό δίκαιο</subfield>
   <subfield code="v">Περιοδικά.</subfield>
  </datafield>
  <datafield tag="852" ind1=" " ind2=" ">
   <subfield code="a">INST</subfield>
   <subfield code="b">UNIPILB</subfield>
   <subfield code="c">SERIALS</subfield>
   <subfield code="e">20050907</subfield>
   <subfield code="h">Αλφαβητική σειρά</subfield>
   <subfield code="p">46219</subfield>
   <subfield code="q">46219</subfield>
   <subfield code="t">NOLOAN</subfield>
   <subfield code="v">τομ.25;τεύχ.1:(Μήνες)Ιαν./Φεβ./Μάρ.;(Έτος)2005</subfield>
   <subfield code="y">23</subfield>
  </datafield>
  <datafield tag="852" ind1=" " ind2=" ">
   <subfield code="a">INST</subfield>
   <subfield code="b">UNIPILB</subfield>
   <subfield code="c">SERIALS</subfield>
   <subfield code="e">20050907</subfield>
   <subfield code="h">Αλφαβητική σειρά</subfield>
   <subfield code="p">46220</subfield>
   <subfield code="q">46220</subfield>
   <subfield code="t">NOLOAN</subfield>
   <subfield code="v">τομ.25;τεύχ.2:(Μήνες)Απρ./Μάιος/Ιούν.;(Έτος)2005</subfield>
   <subfield code="y">23</subfield>
  </datafield>
  <datafield tag="852" ind1=" " ind2=" ">
   <subfield code="a">INST</subfield>
   <subfield code="b">UNIPILB</subfield>
   <subfield code="c">SERIALS</subfield>
   <subfield code="e">20060110</subfield>
   <subfield code="h">Αλφαβητική σειρά</subfield>
   <subfield code="p">49332</subfield>
   <subfield code="q">49332</subfield>
   <subfield code="t">NOLOAN</subfield>
   <subfield code="v">τομ.25;τεύχ.3:(Μήνες)Ιούλ./Αύγ./Σεπ.;(Έτος)2005</subfield>
   <subfield code="y">23</subfield>
  </datafield>
  <datafield tag="852" ind1=" " ind2=" ">
   <subfield code="a">INST</subfield>
   <subfield code="b">UNIPILB</subfield>
   <subfield code="c">SERIALS</subfield>
   <subfield code="e">20060411</subfield>
   <subfield code="h">Αλφαβητική σειρά</subfield>
   <subfield code="p">51220</subfield>
   <subfield code="q">51220</subfield>
   <subfield code="t">NOLOAN</subfield>
   <subfield code="v">τομ.25;τεύχ.4:(Μήνες)Οκτ./Νοέμ./Δεκ.;(Έτος)2005</subfield>
   <subfield code="y">23</subfield>
  </datafield>
  <datafield tag="852" ind1=" " ind2=" ">
   <subfield code="a">INST</subfield>
   <subfield code="b">UNIPILB</subfield>
   <subfield code="c">SERIALS</subfield>
   <subfield code="e">20060704</subfield>
   <subfield code="h">Αλφαβητική σειρά</subfield>
   <subfield code="p">51749</subfield>
   <subfield code="q">51749</subfield>
   <subfield code="t">NOLOAN</subfield>
   <subfield code="v">τομ.26;τεύχ.1:(Μήνες)Ιαν./Φεβ./Μάρ.;(Έτος)2006</subfield>
   <subfield code="y">23</subfield>
  </datafield>
  <datafield tag="852" ind1=" " ind2=" ">
   <subfield code="a">INST</subfield>
   <subfield code="b">UNIPILB</subfield>
   <subfield code="c">SERIALS</subfield>
   <subfield code="e">20060928</subfield>
   <subfield code="h">Αλφαβητική σειρά</subfield>
   <subfield code="p">52940</subfield>
   <subfield code="q">52940</subfield>
   <subfield code="t">NOLOAN</subfield>
   <subfield code="v">τομ.24;τεύχ.4:(Μήνες)Οκτ./Νοέμ./Δεκ.;(Έτος)2004</subfield>
   <subfield code="y">23</subfield>
  </datafield>
  <datafield tag="852" ind1=" " ind2=" ">
   <subfield code="a">INST</subfield>
   <subfield code="b">UNIPILB</subfield>
   <subfield code="c">SERIALS</subfield>
   <subfield code="e">20060928</subfield>
   <subfield code="h">Αλφαβητική σειρά</subfield>
   <subfield code="p">52941</subfield>
   <subfield code="q">52941</subfield>
   <subfield code="t">NOLOAN</subfield>
   <subfield code="v">τομ.24;τεύχ.3:(Μήνες)Ιούλ./Αύγ./Σεπ.;(Έτος)2004</subfield>
   <subfield code="y">23</subfield>
  </datafield>
  <datafield tag="852" ind1=" " ind2=" ">
   <subfield code="a">INST</subfield>
   <subfield code="b">UNIPILB</subfield>
   <subfield code="c">SERIALS</subfield>
   <subfield code="e">20060928</subfield>
   <subfield code="h">Αλφαβητική σειρά</subfield>
   <subfield code="p">52942</subfield>
   <subfield code="q">52942</subfield>
   <subfield code="t">NOLOAN</subfield>
   <subfield code="v">τομ.24;τεύχ.2:(Μήνες)Απρ./Μάιος/Ιούν.;(Έτος)2004</subfield>
   <subfield code="y">23</subfield>
  </datafield>
  <datafield tag="852" ind1=" " ind2=" ">
   <subfield code="a">INST</subfield>
   <subfield code="b">UNIPILB</subfield>
   <subfield code="c">SERIALS</subfield>
   <subfield code="e">20060928</subfield>
   <subfield code="h">Αλφαβητική σειρά</subfield>
   <subfield code="p">52943</subfield>
   <subfield code="q">52943</subfield>
   <subfield code="t">NOLOAN</subfield>
   <subfield code="v">τομ.24;τεύχ.1:(Μήνες)Ιαν./Φεβρ./Μάρτ.;(Έτος)2004</subfield>
   <subfield code="y">23</subfield>
  </datafield>
  <datafield tag="852" ind1=" " ind2=" ">
   <subfield code="a">INST</subfield>
   <subfield code="b">UNIPILB</subfield>
   <subfield code="c">SERIALS</subfield>
   <subfield code="e">20060928</subfield>
   <subfield code="h">Αλφαβητική σειρά</subfield>
   <subfield code="p">52944</subfield>
   <subfield code="q">52944</subfield>
   <subfield code="t">NOLOAN</subfield>
   <subfield code="v">τομ.26;τεύχ.2:(Μήνες)Απρ./Μάιος/Ιούν.;(Έτος)2006</subfield>
   <subfield code="y">23</subfield>
  </datafield>
  <datafield tag="852" ind1=" " ind2=" ">
   <subfield code="a">INST</subfield>
   <subfield code="b">UNIPILB</subfield>
   <subfield code="c">SERIALS</subfield>
   <subfield code="e">20070109</subfield>
   <subfield code="h">Αλφαβητική σειρά</subfield>
   <subfield code="p">54011</subfield>
   <subfield code="q">54011</subfield>
   <subfield code="t">NOLOAN</subfield>
   <subfield code="v">τομ.26;τεύχ.3:(Μήνες)Ιούλ./Αύγ./Σεπ.;(Έτος)2006</subfield>
   <subfield code="y">23</subfield>
  </datafield>
  <datafield tag="852" ind1=" " ind2=" ">
   <subfield code="a">INST</subfield>
   <subfield code="b">UNIPILB</subfield>
   <subfield code="c">SERIALS</subfield>
   <subfield code="e">20070413</subfield>
   <subfield code="h">Αλφαβητική σειρά</subfield>
   <subfield code="p">55257</subfield>
   <subfield code="q">55257</subfield>
   <subfield code="t">NOLOAN</subfield>
   <subfield code="v">τομ.26;τεύχ.4:(Μήνες)Οκτ./Νοέμ./Δεκ.;(Έτος)2006</subfield>
   <subfield code="y">23</subfield>
  </datafield>
  <datafield tag="852" ind1=" " ind2=" ">
   <subfield code="a">INST</subfield>
   <subfield code="b">UNIPILB</subfield>
   <subfield code="c">SERIALS</subfield>
   <subfield code="e">20070711</subfield>
   <subfield code="h">Αλφαβητική σειρά</subfield>
   <subfield code="p">56260</subfield>
   <subfield code="q">56260</subfield>
   <subfield code="t">NOLOAN</subfield>
   <subfield code="v">τομ.27;τεύχ.1:(Μήνες)Ιαν./Φεβ./Μάρ.;(Έτος)2007</subfield>
   <subfield code="y">23</subfield>
  </datafield>
  <datafield tag="852" ind1=" " ind2=" ">
   <subfield code="a">INST</subfield>
   <subfield code="b">UNIPILB</subfield>
   <subfield code="c">SERIALS</subfield>
   <subfield code="e">20071010</subfield>
   <subfield code="h">Αλφαβητική σειρά</subfield>
   <subfield code="p">57509</subfield>
   <subfield code="q">57509</subfield>
   <subfield code="t">NOLOAN</subfield>
   <subfield code="v">τομ.27;τεύχ.2:(Μήνες)Απρ./Μάιος/Ιούν.;(Έτος)2007</subfield>
   <subfield code="y">23</subfield>
  </datafield>
  <datafield tag="852" ind1=" " ind2=" ">
   <subfield code="a">INST</subfield>
   <subfield code="b">UNIPILB</subfield>
   <subfield code="c">SERIALS</subfield>
   <subfield code="e">20080108</subfield>
   <subfield code="h">Αλφαβητική σειρά</subfield>
   <subfield code="p">59273</subfield>
   <subfield code="q">59273</subfield>
   <subfield code="t">NOLOAN</subfield>
   <subfield code="v">τομ.27;τεύχ.3:(Μήνες)Ιούλ./Αύγ./Σεπ.;(Έτος)2007</subfield>
   <subfield code="y">23</subfield>
  </datafield>
  <datafield tag="852" ind1=" " ind2=" ">
   <subfield code="a">INST</subfield>
   <subfield code="b">UNIPILB</subfield>
   <subfield code="c">SERIALS</subfield>
   <subfield code="e">20080417</subfield>
   <subfield code="h">Αλφαβητική σειρά</subfield>
   <subfield code="p">60546</subfield>
   <subfield code="q">60546</subfield>
   <subfield code="t">NOLOAN</subfield>
   <subfield code="v">τομ.27;τεύχ.4:(Μήνες)Οκτ./Νοέμ./Δεκ.;(Έτος)2007</subfield>
   <subfield code="y">23</subfield>
  </datafield>
  <datafield tag="852" ind1=" " ind2=" ">
   <subfield code="a">INST</subfield>
   <subfield code="b">UNIPILB</subfield>
   <subfield code="c">SERIALS</subfield>
   <subfield code="e">20080624</subfield>
   <subfield code="h">Αλφαβητική σειρά</subfield>
   <subfield code="p">60832</subfield>
   <subfield code="q">60832</subfield>
   <subfield code="t">NOLOAN</subfield>
   <subfield code="v">τομ.28;τεύχ.1:(Μήνες)Ιαν./Φεβ./Μάρ.;(Έτος)2008</subfield>
   <subfield code="y">23</subfield>
  </datafield>
  <datafield tag="852" ind1=" " ind2=" ">
   <subfield code="a">INST</subfield>
   <subfield code="b">UNIPILB</subfield>
   <subfield code="c">SERIALS</subfield>
   <subfield code="e">20081007</subfield>
   <subfield code="h">Αλφαβητική σειρά</subfield>
   <subfield code="p">61706</subfield>
   <subfield code="q">61706</subfield>
   <subfield code="t">NOLOAN</subfield>
   <subfield code="v">τομ.28;τεύχ.2:(Μήνες)Απρ./Μάιος/Ιούν.;(Έτος)2008</subfield>
   <subfield code="y">23</subfield>
  </datafield>
  <datafield tag="852" ind1=" " ind2=" ">
   <subfield code="a">INST</subfield>
   <subfield code="b">UNIPILB</subfield>
   <subfield code="c">SERIALS</subfield>
   <subfield code="e">20090123</subfield>
   <subfield code="h">Αλφαβητική σειρά</subfield>
   <subfield code="p">62515</subfield>
   <subfield code="q">62515</subfield>
   <subfield code="t">NOLOAN</subfield>
   <subfield code="v">τομ.28;τεύχ.3:(Μήνες)Ιούλ./Αύγ./Σεπ.;(Έτος)2008</subfield>
   <subfield code="y">23</subfield>
  </datafield>
  <datafield tag="852" ind1=" " ind2=" ">
   <subfield code="a">INST</subfield>
   <subfield code="b">UNIPILB</subfield>
   <subfield code="c">SERIALS</subfield>
   <subfield code="e">20090901</subfield>
   <subfield code="h">Αλφαβητική σειρά</subfield>
   <subfield code="p">64553</subfield>
   <subfield code="q">64553</subfield>
   <subfield code="t">NOLOAN</subfield>
   <subfield code="v">τομ.29;τεύχ.1:(Μήνες)Ιαν./Φεβ./Μάρ.;(Έτος)2009</subfield>
   <subfield code="y">23</subfield>
  </datafield>
  <datafield tag="852" ind1=" " ind2=" ">
   <subfield code="a">INST</subfield>
   <subfield code="b">UNIPILB</subfield>
   <subfield code="c">SERIALS</subfield>
   <subfield code="e">20100521</subfield>
   <subfield code="h">Αλφαβητική σειρά</subfield>
   <subfield code="p">68184</subfield>
   <subfield code="q">68184</subfield>
   <subfield code="t">NOLOAN</subfield>
   <subfield code="v">τομ.29;τεύχ.4:(Μήνες)Οκτ./Νοέμ./Δεκ.;(Έτος)2009</subfield>
   <subfield code="y">23</subfield>
  </datafield>
  <datafield tag="852" ind1=" " ind2=" ">
   <subfield code="a">INST</subfield>
   <subfield code="b">UNIPILB</subfield>
   <subfield code="c">SERIALS</subfield>
   <subfield code="e">20100707</subfield>
   <subfield code="h">Αλφαβητική σειρά</subfield>
   <subfield code="p">69454</subfield>
   <subfield code="q">69454</subfield>
   <subfield code="t">NOLOAN</subfield>
   <subfield code="v">τομ.30;τεύχ.1:(Μήνες)Ιαν./Φεβ./Μάρ.;(Έτος)2010</subfield>
   <subfield code="y">23</subfield>
  </datafield>
  <datafield tag="852" ind1=" " ind2=" ">
   <subfield code="a">INST</subfield>
   <subfield code="b">UNIPILB</subfield>
   <subfield code="c">SERIALS</subfield>
   <subfield code="e">20101025</subfield>
   <subfield code="h">Αλφαβητική σειρά</subfield>
   <subfield code="p">70393</subfield>
   <subfield code="q">70393</subfield>
   <subfield code="t">NOLOAN</subfield>
   <subfield code="v">τομ.29;τεύχ.3:(Μήνες)Ιούλ./Αύγ./Σεπ.;(Έτος)2009</subfield>
   <subfield code="y">23</subfield>
  </datafield>
  <datafield tag="852" ind1=" " ind2=" ">
   <subfield code="a">INST</subfield>
   <subfield code="b">UNIPILB</subfield>
   <subfield code="c">SERIALS</subfield>
   <subfield code="e">20101025</subfield>
   <subfield code="h">Αλφαβητική σειρά</subfield>
   <subfield code="p">70394</subfield>
   <subfield code="q">70394</subfield>
   <subfield code="t">NOLOAN</subfield>
   <subfield code="v">τομ.30;τεύχ.2:(Μήνες)Απρ./Μάιος/Ιούν.;(Έτος)2010</subfield>
   <subfield code="y">23</subfield>
  </datafield>
  <datafield tag="852" ind1=" " ind2=" ">
   <subfield code="a">INST</subfield>
   <subfield code="b">UNIPILB</subfield>
   <subfield code="c">SERIALS</subfield>
   <subfield code="e">20110308</subfield>
   <subfield code="h">Αλφαβητική σειρά</subfield>
   <subfield code="p">71289</subfield>
   <subfield code="q">71289</subfield>
   <subfield code="t">NOLOAN</subfield>
   <subfield code="v">τομ.30;τεύχ.3:(Μήνες)Ιούλ./Αύγ./Σεπ.;(Έτος)2010</subfield>
   <subfield code="y">23</subfield>
  </datafield>
  <datafield tag="852" ind1=" " ind2=" ">
   <subfield code="a">INST</subfield>
   <subfield code="b">UNIPILB</subfield>
   <subfield code="c">SERIALS</subfield>
   <subfield code="e">20110404</subfield>
   <subfield code="h">Αλφαβητική σειρά</subfield>
   <subfield code="p">71543</subfield>
   <subfield code="q">71543</subfield>
   <subfield code="t">NOLOAN</subfield>
   <subfield code="v">τομ.30;τεύχ.4:(Μήνες)Οκτ./Νοέμ./Δεκ.;(Έτος)2010</subfield>
   <subfield code="y">23</subfield>
  </datafield>
  <datafield tag="852" ind1=" " ind2=" ">
   <subfield code="a">INST</subfield>
   <subfield code="b">UNIPILB</subfield>
   <subfield code="c">SERIALS</subfield>
   <subfield code="e">20110714</subfield>
   <subfield code="h">Αλφαβητική σειρά</subfield>
   <subfield code="p">72289</subfield>
   <subfield code="q">72289</subfield>
   <subfield code="t">NOLOAN</subfield>
   <subfield code="v">τομ.31;τεύχ.1:(Μήνες)Ιαν./Φεβ./Μάρ.;(Έτος)2011</subfield>
   <subfield code="y">23</subfield>
  </datafield>
  <datafield tag="852" ind1=" " ind2=" ">
   <subfield code="a">INST</subfield>
   <subfield code="b">UNIPILB</subfield>
   <subfield code="c">SERIALS</subfield>
   <subfield code="e">20120110</subfield>
   <subfield code="h">Αλφαβητική σειρά</subfield>
   <subfield code="p">73907</subfield>
   <subfield code="q">73907</subfield>
   <subfield code="t">NOLOAN</subfield>
   <subfield code="v">τομ.31;τεύχ.2:(Μήνες)Απρ./Μάιος/Ιούν.;(Έτος)2011</subfield>
   <subfield code="y">23</subfield>
  </datafield>
  <datafield tag="852" ind1=" " ind2=" ">
   <subfield code="a">INST</subfield>
   <subfield code="b">UNIPILB</subfield>
   <subfield code="c">SERIALS</subfield>
   <subfield code="e">20120110</subfield>
   <subfield code="h">Αλφαβητική σειρά</subfield>
   <subfield code="p">73908</subfield>
   <subfield code="q">73908</subfield>
   <subfield code="t">NOLOAN</subfield>
   <subfield code="v">τομ.31;τεύχ.3:(Μήνες)Ιούλ./Αύγ./Σεπ.;(Έτος)2011</subfield>
   <subfield code="y">23</subfield>
  </datafield>
  <datafield tag="900" ind1=" " ind2=" ">
   <subfield code="a">Τομ. 31 τχ. 4 (Οκτ./Νοέμ./Δεκ. 2011)</subfield>
   <subfield code="b">Οφειλόμενο</subfield>
   <subfield code="c">11/09/2012</subfield>
  </datafield>
  <datafield tag="900" ind1=" " ind2=" ">
   <subfield code="a">Τομ. 28 τχ. 4 (Οκτ./Νοέμ./Δεκ. 2008)</subfield>
   <subfield code="b">Οφειλόμενο</subfield>
   <subfield code="c">07/09/2009</subfield>
  </datafield>
  <datafield tag="900" ind1=" " ind2=" ">
   <subfield code="a">Τομ. 29 τχ. 2 (Απρ./Μάιος/Ιούν. 2009)</subfield>
   <subfield code="b">Οφειλόμενο</subfield>
   <subfield code="c">05/03/2010</subfield>
  </datafield>
  <datafield tag="950" ind1=" " ind2=" ">
   <subfield code="a">01/01/2004</subfield>
   <subfield code="c">ΑΓΝΩΣΤΟΣ</subfield>
   <subfield code="d">81</subfield>
  </datafield>
  <datafield tag="951" ind1=" " ind2=" ">
   <subfield code="a">Τομ. 31 τχ. 1 (Ιαν./Φεβ./Μάρ. 2011) - Τομ. 31 τχ. 3 (Ιούλ./Αύγ./Σεπ. 2011)</subfield>
   <subfield code="b">Main run</subfield>
  </datafield>
  <datafield tag="951" ind1=" " ind2=" ">
   <subfield code="a">Τομ. 21, τχ. 1 (Ιαν.-Μάρτ. 2001) - τ. 23, τχ. 4 (Οκτ./Δεκ. 2003)  (τ. 23, τχ. 4 (Οκτ./Δεκ. 2003)</subfield>
   <subfield code="b">Main run</subfield>
  </datafield>
  <datafield tag="951" ind1=" " ind2=" ">
   <subfield code="a">Τομ. 24 τχ. 1  (Ιαν./Φεβρ./Μάρτ. 2004)</subfield>
   <subfield code="b">Main run</subfield>
  </datafield>
  <datafield tag="951" ind1=" " ind2=" ">
   <subfield code="a">Τομ. 24 τχ. 2 (Απρ./Μάιος/Ιούν. 2004) - Τομ. 26 τχ. 4 (Οκτ./Νοέμ./Δεκ. 2006)</subfield>
   <subfield code="b">Main run</subfield>
  </datafield>
  <datafield tag="951" ind1=" " ind2=" ">
   <subfield code="a">Τομ. 27 τχ. 1 (Ιαν./Φεβ./Μάρ. 2007) - Τομ. 27 τχ. 4 (Οκτ./Νοέμ./Δεκ. 2007)</subfield>
   <subfield code="b">Main run</subfield>
  </datafield>
  <datafield tag="951" ind1=" " ind2=" ">
   <subfield code="a">Τομ. 28 τχ. 1 (Ιαν./Φεβ./Μάρ. 2008) - Τομ. 28 τχ. 3 (Ιούλ./Αύγ./Σεπ. 2008)</subfield>
   <subfield code="b">Main run</subfield>
  </datafield>
  <datafield tag="951" ind1=" " ind2=" ">
   <subfield code="a">Τομ. 29 τχ. 1 (Ιαν./Φεβ./Μάρ. 2009)</subfield>
   <subfield code="b">Main run</subfield>
  </datafield>
  <datafield tag="951" ind1=" " ind2=" ">
   <subfield code="a">Τομ. 29 τχ. 3 (Ιούλ./Αύγ./Σεπ. 2009) - Τομ. 29 τχ. 4 (Οκτ./Νοέμ./Δεκ. 2009)</subfield>
   <subfield code="b">Main run</subfield>
  </datafield>
  <datafield tag="951" ind1=" " ind2=" ">
   <subfield code="a">Τομ. 30 τχ. 1 (Ιαν./Φεβ./Μάρ. 2010) - Τομ. 30 τχ. 4 (Οκτ./Νοέμ./Δεκ. 2010)</subfield>
   <subfield code="b">Main run</subfield>
  </datafield>
 </record>
</collection>
